00451 2200157 4500001002100000005001700021008004100038035002600079245007100105260003500176300003100211082001000242084001400252650001500266990001200281INLIS00000000000008320240612145224.0240612| ||| | ind  a 0010-06240000000008300aKeputusan Mentri Tenaga Kerja Tentang UMRN26 Provinsi Di Indonesia aJakarta :bTamita Utama,c2000 avii, 265 halaman ;c21 cm.0 a331.2 a331.2 KEP 0aWages, Law a0000091